Zdravotné riziká parabénov a ich výskyt v topických výrobkoch

Guardado en:
Detalles Bibliográficos
Autor principal: Kubicová, Dominika
Formato: Software Libro
Lenguaje:eslovaco
Publicado: Bratislava STU FCHPT 2011
Acceso en línea:Ver en el OPAC
Etiquetas: Agregar Etiqueta
Sin Etiquetas, Sea el primero en etiquetar este registro!

MARC

LEADER 00000nam a2200000 a 4500
005 20260127134215.0
007 co ugu macba
008 110919 2011 xo 000 0 slo d
035 |a vtls010311817 
039 9 |y 201109191148  |z mschk03 
040 |a STUSCHK1  |b slo  |c STUSCHK1  |e AACR2 
100 1 |a Kubicová, Dominika 
245 1 |a Zdravotné riziká parabénov a ich výskyt v topických výrobkoch  |c Dominika Kubicová 
260 |a Bratislava  |b STU FCHPT  |c 2011 
300 |a 1 elektronický disk 
500 |a Obháj.: 13.7. 2011 
500 |a Študijný program: potravinárstvo 
500 |a Študijný odbor: 5.2.24 potravinárstvo 
500 |a Bakalárska práca na CD-ROMe 
500 |a FCHPT, Oddelenie potravinárskej technológie 
500 |a Evidenčné číslo: 5453-58759 
910 |a SCHK95 
999 |c 6710  |d 6710